000 01736nam a2200505 i 4500
001 55555
003 KOSZ 005
005 20230110083543.0
008 071108s2007 pl a |000 0 pol
015 _aUWD 2008/519
020 _a9788373481978
035 _a991038076579705066
035 _a(PL-WaBN)b20200663-48omnis_nlop
035 _ab20200663
035 _a(OCoLC)750076444
035 _azz2007974684
035 _a(PL)b0000002020066
035 _a(EXLNZ-48OMNIS_NETWORK)9910422447505606
040 _aWA N
_cWA N
_dKOSZ 005/HR
041 0 _apol
_beng
046 _k2007
080 _a658.114-022.51
080 _a658.114-022.55
080 _a005.6
100 1 _aGrudowski, Piotr
_eAutor
245 1 0 _aPodejście procesowe w systemach zarządzania jakością w małych i średnich przedsiębiorstwach /
_cPiotr Grudowski.
260 _aGdańsk :
_bWydawnictwo Politechniki Gdańskiej,
_c2007.
300 _a281, [1] s. :
_bil. ;
_c24 cm.
336 _aTekst
_btxt
_2rdacontent
337 _aBez urządzenia pośredniczącego
_bn
_2rdamedia
338 _aWolumin
_bnc
_2rdacarrier
380 _aKsiążki
388 _a2001-
490 1 _aMonografie / Politechnika Gdańska ;
_v85
504 _aBibliogr. s. 264-279.
546 _aStreszcz. ang.
650 7 _aPrzedsiębiorstwa małe i średnie (MŚP)
_2DBN
650 7 _aZarządzanie jakością
_2DBN
658 _aZarządzanie i marketing
710 2 _aWydawnictwo Politechniki Gdańskiej
_4pbl
830 0 _aMonografie - Politechnika Gdańska
_v85
856 _uhttp://koha.tu.koszalin.pl/cgi-bin/koha/opac-detail.pl?biblionumber=55555
_yKatalog online BPK
942 _2UKD
_cKS
999 _c55555
_d55555